000 00679nam a22002177a 4500
008 180904b xxu||||| |||| 00| 0 eng d
010 _aB-121117
020 _a8176357316
_c270.00
035 _aB-121117
037 _bBPPD/PUB
040 _aDPL
_bEng
082 0 0 _a658.15
100 _aLewis, Garry
245 1 0 _aMaya 5 Fundamentals /
_cby Garry Lewis [and] Jim Lammers
260 _aNew Delhi
_bG.C. Jain For Techmedia
_c2004
270 _aMunish Plaza, 20 Ansari Road
_bDelhi
_e110002
300 _axlii, 553p.
_bill.
_c24(Hb)
500 _aInclude Bibliographical Description with Index
700 _aLammers, Jim
942 _2ddc
_cEN
_h005.43
_mLEW
999 _c156882
_d156882